<?xml version="1.0" encoding="UTF-8"?>
<collection xmlns="http://www.loc.gov/MARC21/slim">
    <record>
        <controlfield tag="001">84866</controlfield>
        <controlfield tag="005">20191118101459.0</controlfield>
        <datafield tag="037" ind1=" " ind2=" ">
            <subfield code="a">TAZ-TFM-2019-226</subfield>
        </datafield>
        <datafield tag="041" ind1=" " ind2=" ">
            <subfield code="a">spa</subfield>
        </datafield>
        <datafield tag="100" ind1="1" ind2=" ">
            <subfield code="a">Vidaller Gayán, Ixeia</subfield>
        </datafield>
        <datafield tag="242" ind1="0" ind2="0">
            <subfield code="a">Spectral Variability and Land Surface Temperature of the glaciers of the Khumbu Region (Central Himalayan).</subfield>
        </datafield>
        <datafield tag="245" ind1="0" ind2="0">
            <subfield code="a">Variabilidad espectral y de la temperatura de superficie de los glaciares de la región del Khumbu (Himalayas centrales).</subfield>
        </datafield>
        <datafield tag="260" ind1=" " ind2=" ">
            <subfield code="a">Zaragoza</subfield>
            <subfield code="b">Universidad de Zaragoza</subfield>
            <subfield code="c">2019</subfield>
        </datafield>
        <datafield tag="500" ind1=" " ind2=" ">
            <subfield code="a">Aporta en secretaría material físico. Resumen disponible también en inglés.</subfield>
        </datafield>
        <datafield tag="506" ind1=" " ind2=" ">
            <subfield code="a">by-nc-sa</subfield>
            <subfield code="b">Creative Commons</subfield>
            <subfield code="c">3.0</subfield>
            <subfield code="u">http://creativecommons.org/licenses/by-nc-sa/3.0/</subfield>
        </datafield>
        <datafield tag="520" ind1=" " ind2=" ">
            <subfield code="a">En el presente trabajo se ha llevado a cabo un estudio sobre la dinámica glaciar, tanto de glacia-res blancos como glaciares negros, en base a las imágenes del satélite Landsat entre 1987 y 2018, y asociarla a la dinámica climática. La zona de estudio seleccionada corresponde a la re-gión del Khumbu (más concretamente sobre los glaciares Khumbu, Nuptse, Changri, Chola, Ama-dablam e Imja), situada en los Himalayas centrales, es una de las zonas montañosas que alcan-zan mayores alturas en la Tierra. Presenta condiciones hacen que la climatología sea fría, permi-tiendo el desarrollo de los procesos glaciares y periglaciares. Esta zona está compuesta por rocas principalmente ígneas y metamórficas dominando los granitos y gneises y cubierta en su mayoría por los glaciares y sus depósitos morrénicos. No existen estudios de esta temática todavía, pero sí otros que se desarrollan en esta misma zo-na o que emplean las mismas técnicas. A partir de los datos de reflectividad de las imágenes Landsat se han generado las firmas espectrales de las diferentes cubiertas para los distintos años que abarca el estudio, observándose un patrón claro de disminución de la reflectividad con el pa-so del tiempo. Por otro lado, tras un tratamiento de las imágenes de la banda del térmico de este mismo satélite se han calculo las temperaturas de superficie (LST) de los distintos glaciares, ob-teniéndose valores de entre -17ºC a 7ºC, y en todos los casos se aprecia un incremento de LST a lo largo de los años.&lt;br /></subfield>
        </datafield>
        <datafield tag="521" ind1=" " ind2=" ">
            <subfield code="a">Máster Universitario en Tecnologías de la Información Geográfica para la Ordenación del Territorio: Sistemas de Información Geográfica y Teledetección</subfield>
        </datafield>
        <datafield tag="540" ind1=" " ind2=" ">
            <subfield code="a">Derechos regulados por licencia Creative Commons</subfield>
        </datafield>
        <datafield tag="700" ind1=" " ind2=" ">
            <subfield code="a">Pérez Cabello, Fernando</subfield>
            <subfield code="e">dir.</subfield>
        </datafield>
        <datafield tag="710" ind1="2" ind2=" ">
            <subfield code="a">Universidad de Zaragoza</subfield>
            <subfield code="b">Geografía y Ordenación del Territorio</subfield>
            <subfield code="c">Análisis Geográfico Regional</subfield>
        </datafield>
        <datafield tag="856" ind1="0" ind2=" ">
            <subfield code="f">697693@celes.unizar.es</subfield>
        </datafield>
        <datafield tag="856" ind1="4" ind2=" ">
            <subfield code="s">4495254</subfield>
            <subfield code="u">http://zaguan.unizar.es/record/84866/files/TAZ-TFM-2019-226.pdf</subfield>
            <subfield code="y">Memoria (spa)</subfield>
        </datafield>
        <datafield tag="856" ind1="4" ind2=" ">
            <subfield code="s">56485999</subfield>
            <subfield code="u">http://zaguan.unizar.es/record/84866/files/TAZ-TFM-2019-226_ANE.pdf</subfield>
            <subfield code="y">Anexos (spa)</subfield>
        </datafield>
        <datafield tag="909" ind1="C" ind2="O">
            <subfield code="o">oai:zaguan.unizar.es:84866</subfield>
            <subfield code="p">driver</subfield>
            <subfield code="p">trabajos-fin-master</subfield>
        </datafield>
        <datafield tag="950" ind1=" " ind2=" ">
            <subfield code="a"></subfield>
        </datafield>
        <datafield tag="951" ind1=" " ind2=" ">
            <subfield code="a">deposita:2019-11-18</subfield>
        </datafield>
        <datafield tag="980" ind1=" " ind2=" ">
            <subfield code="a">TAZ</subfield>
            <subfield code="b">TFM</subfield>
            <subfield code="c">FFYL</subfield>
        </datafield>
        <datafield tag="999" ind1=" " ind2=" ">
            <subfield code="a">20190625111906.CREATION_DATE</subfield>
        </datafield>
    </record>

    
</collection>